000 00566nam a2200169 4500
999 _c4386
_d4386
008 160906b xxu||||| |||| 00| 0 eng d
022 _a2094-8042
082 _aDPer 370.105 M72 Jan-Dec 2012 v. 60-61
100 _914196
_aTungcul, Ruperto D., Jr.
243 _aThe modern teacher
245 _aSeven steps to a comeback/
_cRuperto D. Tungcul, Jr.
260 _aPhilippines:
_bIn the Grade School, Inc.,
_c©2012.
300 _av61 n3, page 104:
_c28 cm.
500 _aThe Modern Teacher.
650 0 _914197
_aSelf-management (Psychology)
942 _2ddc
_cPER